[Event "Hessen-chA"]
[Site "Frankfurt"]
[Date "2018.05.12"]
[Round "5"]
[White "Waffenschmidt, Joachim"]
[Black "Kempf, Alexander"]
[Result "1-0"]
[WhiteElo "1995"]
[BlackElo "1862"]
[PlyCount "73"]
[EventDate "2018.05.10"]
[EventType "swiss"]
[EventRounds "7"]
[EventCountry "GER"]
[SourceTitle "EXT 2019"]
[Source "ChessBase"]
[SourceDate "2018.10.10"]
[SourceVersion "1"]
[SourceVersionDate "2018.10.10"]
[SourceQuality "1"]

1. d4 f5 2. Bg5 d6 3. e3 Nd7 4. Bd3 c6 5. Nd2 Qa5 6. b4 Qxb4 7. Bxf5 g6 8. Bd3 Bg7 9. h4 Qa5 10. Ngf3 Ngf6 11. Kf1 0-0 12. Kg1 Qc7 13. h5 gxh5 14. Nh4 h6 15. Bxf6 Nxf6 16. Ng6 Rf7 17. Nf4 Ng4 18. Bg6 Rxf4 19. exf4 Bxd4 20. Ne4 Qb6 21. Qf1 Bxa1 22. Qxa1 d5 23. Bxh5 c5 24. Qd1 dxe4 25. Bxg4 Bxg4 26. Qxg4+ Kh7 27. Qf5+ Qg6 28. Qxc5 Rg8 29. g3 Qg4 30. Qxe7+ Rg7 31. Qxe4+ Qg6 32. f5 Qf6 33. Kg2 Rc7 34. Rd1 Kg7 35. Qf4 Qc6+ 36. Kh3 Qxc2 37. Rd6 1-0

[Event "Karl Mala Memorial op-A 17th"]
[Site "Frankfurt"]
[Date "2014.08.03"]
[Round "7"]
[White "Kempf, Alexander"]
[Black "Stork, Oliver"]
[Result "1-0"]
[WhiteElo "1872"]
[BlackElo "1642"]
[PlyCount "87"]
[EventDate "2014.07.31"]
[EventType "swiss"]
[EventRounds "7"]
[EventCountry "GER"]
[SourceTitle "EXT 2015"]
[Source "ChessBase"]
[SourceDate "2014.11.20"]
[SourceVersion "1"]
[SourceVersionDate "2014.11.20"]
[SourceQuality "1"]

1. d4 d5 2. Bf4 Nf6 3. e3 Bf5 4. c4 c6 5. Nd2 e6 6. Qb3 Qc8 7. Ngf3 Nbd7 8. Ne5 Nxe5 9. Bxe5 Be7 10. Be2 0-0 11. 0-0 Nd7 12. Bf4 Bd8 13. Nf3 Bc7 14. Bxc7 Qxc7 15. Rfc1 Nb6 16. Nd2 Rab8 17. a4 Qe7 18. cxd5 cxd5 19. a5 Na8 20. Qc3 Qd7 21. Nb3 b6 22. Ba6 Rfe8 23. h3 Re7 24. axb6 axb6 25. Qb4 Qd8 26. Rc8 Rxc8 27. Bxc8 Nc7 28. Bb7 Ne8 29. Ra8 Qc7 30. Qb5 g6 31. Rxe8+ Rxe8 32. Qxe8+ Kg7 33. Qc6 Qxc6 34. Bxc6 Bc2 35. Nd2 Bd3 36. f3 Kf8 37. Kf2 Ke7 38. e4 Kd6 39. Be8 Ke7 40. Ba4 b5 41. Bd1 f5 42. exd5 exd5 43. Ke3 Bc4 44. b3 1-0

[Event "Karl Mala Memorial op-A 17th"]
[Site "Frankfurt"]
[Date "2014.08.01"]
[Round "3"]
[White "Kempf, Alexander"]
[Black "Feldmann, Johannes"]
[Result "0-1"]
[WhiteElo "1872"]
[BlackElo "2090"]
[PlyCount "58"]
[EventDate "2014.07.31"]
[EventType "swiss"]
[EventRounds "7"]
[EventCountry "GER"]
[SourceTitle "EXT 2015"]
[Source "ChessBase"]
[SourceDate "2014.11.20"]
[SourceVersion "1"]
[SourceVersionDate "2014.11.20"]
[SourceQuality "1"]

1. d4 e6 2. Bf4 Nf6 3. e3 b6 4. Nd2 c5 5. c3 cxd4 6. exd4 Be7 7. Bd3 0-0 8. Ngf3 Ba6 9. Bc2 Nc6 10. h4 h6 11. Ne5 Rc8 12. Rh3 d6 13. Ng4 Nxg4 14. Qxg4 f5 15. Qg3 Nxd4 16. Bb3 Nxb3 17. Bxh6 Rf7 18. axb3 Bb5 19. Rxa7 Ra8 20. Rxa8 Qxa8 21. Kd1 Qa1+ 22. Kc2 Be2 23. Nb1 Qa8 24. Bg5 f4 25. Qh2 Qe4+ 26. Kc1 Bg4 27. Nd2 Qe1+ 28. Kc2 Bd1+ 29. Kd3 Qe2+ 0-1

[Event "Main Vogelsberg op 8th"]
[Site "Hanau"]
[Date "2013.06.01"]
[Round "4"]
[White "Kempf, Alexander"]
[Black "Wolff, Peter"]
[Result "1/2-1/2"]
[WhiteElo "1780"]
[BlackElo "1882"]
[PlyCount "55"]
[EventDate "2013.05.30"]
[EventType "swiss"]
[EventRounds "7"]
[EventCountry "GER"]
[SourceTitle "EXT 2014"]
[Source "ChessBase"]
[SourceDate "2013.11.20"]
[SourceVersion "1"]
[SourceVersionDate "2013.11.20"]
[SourceQuality "1"]

1. e4 c6 2. d4 d5 3. Nc3 dxe4 4. Nxe4 Bf5 5. Ng3 Bg6 6. Nf3 Nd7 7. h4 h6 8. h5 Bh7 9. Bd3 Bxd3 10. Qxd3 e6 11. Bf4 Qa5+ 12. Bd2 Bb4 13. c3 Be7 14. Bf4 Ngf6 15. Be5 0-0-0 16. Qe2 Rhe8 17. 0-0 Bf8 18. a4 Nxe5 19. Nxe5 Qc7 20. b4 Bd6 21. f4 Kb8 22. Qf3 Nd5 23. Ne4 f6 24. Nxd6 Rxd6 25. Nc4 Rd7 26. g3 Nb6 27. Ne3 Nd5 28. Ng4 1/2-1/2

[Event "Karl Mala Memorial op 15th"]
[Site "Frankfurt"]
[Date "2012.07.07"]
[Round "4"]
[White "Loos, Tobias"]
[Black "Kempf, Alexander"]
[Result "0-1"]
[WhiteElo "1555"]
[BlackElo "1847"]
[PlyCount "56"]
[EventDate "2012.07.05"]
[EventType "swiss"]
[EventRounds "7"]
[EventCountry "GER"]
[SourceTitle "CBM 149 Extra"]
[Source "ChessBase"]
[SourceDate "2012.08.24"]
[SourceVersion "1"]
[SourceVersionDate "2012.08.24"]
[SourceQuality "1"]

1. c4 e5 2. g3 Nf6 3. Bg2 d5 4. cxd5 Nxd5 5. Nc3 Be6 6. a3 Nc6 7. e3 Qd7 8. Nge2 0-0-0 9. 0-0 g5 10. d4 Nxc3 11. bxc3 Bh3 12. Bxh3 Qxh3 13. Qb3 f6 14. Rb1 b6 15. Qb5 Kb7 16. d5 Ne7 17. Rd1 h5 18. Qc4 h4 19. g4 Qf3 20. d6 cxd6 21. h3 d5 22. Qb5 Qxh3 23. c4 Qxg4+ 24. Kf1 h3 25. c5 h2 26. Ke1 h1Q+ 27. Kd2 Qhe4 28. cxb6 a6 0-1

[Event "Karl Mala Memorial op 15th"]
[Site "Frankfurt"]
[Date "2012.07.06"]
[Round "2"]
[White "Lutwitzi, Klaus"]
[Black "Kempf, Alexander"]
[Result "0-1"]
[WhiteElo "1495"]
[BlackElo "1847"]
[PlyCount "88"]
[EventDate "2012.07.05"]
[EventType "swiss"]
[EventRounds "7"]
[EventCountry "GER"]
[SourceTitle "CBM 149 Extra"]
[Source "ChessBase"]
[SourceDate "2012.08.24"]
[SourceVersion "1"]
[SourceVersionDate "2012.08.24"]
[SourceQuality "1"]

1. c4 e5 2. e3 Nf6 3. a3 d5 4. cxd5 Nxd5 5. b4 Be6 6. Bb2 f6 7. d3 Qd7 8. Nd2 Nc6 9. Be2 0-0-0 10. b5 Nce7 11. Qa4 Kb8 12. Ngf3 g5 13. Ne4 Nc8 14. d4 g4 15. Nfd2 exd4 16. Bxd4 Be7 17. Qc2 Rhg8 18. Rc1 f5 19. Nc5 Bxc5 20. Qxc5 f4 21. Ne4 Qf7 22. f3 b6 23. Qc2 fxe3 24. Be5 gxf3 25. Bxf3 Nd6 26. 0-0 Qe7 27. a4 Bf5 28. Bxd6 cxd6 29. Qd3 Nf6 30. Qxe3 Bxe4 31. Rc4 d5 32. Qf4+ Qd6 33. Qxd6+ Rxd6 34. Rd4 Bxf3 35. Rxf3 Ne4 36. Rf4 Re8 37. Rf5 Nc3 38. Rh4 Rd7 39. Kf1 d4 40. a5 d3 41. Rf2 d2 42. Rxd2 Rxd2 43. Rxh7 Rf8+ 44. Ke1 Rd1# 0-1

[Event "Main Vogelsberg op 7th"]
[Site "Hanau"]
[Date "2012.06.09"]
[Round "5"]
[White "Kempf, Alexander"]
[Black "Konik, Michael"]
[Result "1/2-1/2"]
[WhiteElo "1837"]
[BlackElo "2076"]
[PlyCount "57"]
[EventDate "2012.06.07"]
[EventType "swiss"]
[EventRounds "7"]
[EventCountry "GER"]
[SourceTitle "EXT 2013"]
[Source "ChessBase"]
[SourceDate "2012.11.22"]
[SourceVersion "1"]
[SourceVersionDate "2012.11.22"]
[SourceQuality "1"]

1. e4 d5 2. exd5 Qxd5 3. Nc3 Qd6 4. d4 Nf6 5. Nf3 g6 6. Be2 Bg7 7. 0-0 0-0 8. Bg5 a6 9. Qd2 Rd8 10. Rad1 b5 11. a3 Bb7 12. Rfe1 Nbd7 13. Qe3 Nb6 14. Bf4 Qd7 15. Ne5 Qe8 16. Bf3 Nfd5 17. Qd2 Rac8 18. Ne4 Nxf4 19. Qxf4 Nd5 20. Qg3 Ba8 21. Nc5 Rd6 22. Bg4 Rb8 23. Re2 Nf6 24. Bf3 Bxf3 25. Qxf3 e6 26. c3 Rdb6 27. h4 h5 28. Rde1 Rd8 29. Qg3 1/2-1/2

[Event "Karl Mala Memorial op 14th"]
[Site "Frankfurt"]
[Date "2011.07.10"]
[Round "6"]
[White "Kempf, Alexander"]
[Black "Stock, Juergen"]
[Result "1/2-1/2"]
[WhiteElo "1800"]
[BlackElo "1991"]
[PlyCount "62"]
[EventDate "2011.07.07"]
[EventType "swiss"]
[EventRounds "7"]
[EventCountry "GER"]
[SourceTitle "EXT 2012"]
[Source "ChessBase"]
[SourceDate "2011.11.24"]
[SourceVersion "1"]
[SourceVersionDate "2011.11.24"]
[SourceQuality "1"]

1. e4 e6 2. d4 d5 3. Nc3 Nf6 4. e5 Nfd7 5. Nf3 c5 6. Bf4 Nc6 7. dxc5 Bxc5 8. Bd3 f6 9. exf6 Nxf6 10. 0-0 0-0 11. Ne5 Bd6 12. Nxc6 bxc6 13. Bxd6 Qxd6 14. Qe2 Rb8 15. b3 e5 16. Rad1 Bg4 17. f3 Qc5+ 18. Kh1 Qxc3 19. fxg4 e4 20. g5 Nd7 21. Bxe4 Rxf1+ 22. Qxf1 dxe4 23. Rxd7 Rf8 24. Qd1 Qxc2 25. h3 Qf2 26. Qd6 e3 27. Qe6+ Kh8 28. Qe7 Qf1+ 29. Kh2 Qf4+ 30. Kh1 Rg8 31. Rd8 Qf1+ 1/2-1/2

[Event "Karl Mala Memorial op 14th"]
[Site "Frankfurt"]
[Date "2011.07.10"]
[Round "7"]
[White "Schellmann, Frank"]
[Black "Kempf, Alexander"]
[Result "1/2-1/2"]
[WhiteElo "2077"]
[BlackElo "1800"]
[PlyCount "65"]
[EventDate "2011.07.07"]
[EventType "swiss"]
[EventRounds "7"]
[EventCountry "GER"]
[SourceTitle "EXT 2012"]
[Source "ChessBase"]
[SourceDate "2011.11.24"]
[SourceVersion "1"]
[SourceVersionDate "2011.11.24"]
[SourceQuality "1"]

1. e4 c5 2. c3 d5 3. exd5 Qxd5 4. d4 e6 5. Nf3 Nc6 6. Be3 cxd4 7. cxd4 Nf6 8. Nc3 Qd6 9. a3 Be7 10. Bd3 0-0 11. 0-0 Rd8 12. Qe2 b6 13. Rad1 Bb7 14. Rfe1 Rd7 15. Bb1 Rad8 16. Bg5 Nd5 17. Qe4 g6 18. Nb5 Qb8 19. Qh4 Bxg5 20. Nxg5 h5 21. Ne4 Kg7 22. g3 Nce7 23. Nbc3 a6 24. Nxd5 Nxd5 25. Qg5 Rh8 26. h4 Qd8 27. Qd2 Nf6 28. Ng5 Rd6 29. Ba2 Qd7 30. Qf4 Rd8 31. Nf3 Bxf3 32. Qxf3 Rxd4 33. Rc1 1/2-1/2

[Event "Rhein Main op-B 14th"]
[Site "Bad Homburg"]
[Date "2011.06.25"]
[Round "6"]
[White "Schmitz, Tim"]
[Black "Kempf, Alexander"]
[Result "1-0"]
[WhiteElo "1934"]
[BlackElo "1800"]
[PlyCount "29"]
[EventDate "2011.06.22"]
[EventType "swiss"]
[EventRounds "7"]
[EventCountry "GER"]
[SourceTitle "EXT 2012"]
[Source "ChessBase"]
[SourceDate "2011.11.24"]
[SourceVersion "1"]
[SourceVersionDate "2011.11.24"]
[SourceQuality "1"]

1. e4 c5 2. c3 d5 3. exd5 Qxd5 4. d4 e6 5. Nf3 Nc6 6. Be3 Nf6 7. a3 cxd4 8. cxd4 Be7 9. Nc3 Qd6 10. Bd3 0-0 11. 0-0 Nd5 12. Rc1 a6 13. Bb1 b5 14. Nxd5 Qxd5 15. Qc2 1-0

[Event "Main Vogelsberg op 6th"]
[Site "Hanau"]
[Date "2011.06.05"]
[Round "7"]
[White "Kempf, Alexander"]
[Black "Ehemann, Pascal"]
[Result "0-1"]
[WhiteElo "1666"]
[BlackElo "1946"]
[PlyCount "88"]
[EventDate "2011.06.02"]
[EventType "swiss"]
[EventRounds "7"]
[EventCountry "GER"]
[SourceTitle "CBM 142 Extra"]
[Source "ChessBase"]
[SourceDate "2011.06.27"]
[SourceVersion "1"]
[SourceVersionDate "2011.06.27"]
[SourceQuality "1"]

1. e4 c5 2. Nf3 Nc6 3. d4 cxd4 4. Nxd4 e5 5. Nb5 d6 6. N1c3 a6 7. Na3 b5 8. Nd5 Nf6 9. Bg5 Be7 10. Bxf6 Bxf6 11. c3 Bg5 12. Nc2 0-0 13. h4 Bh6 14. a4 bxa4 15. Rxa4 a5 16. Bb5 Ne7 17. Ncb4 Be6 18. Nxe7+ Qxe7 19. Nd5 Qb7 20. Bc6 Qxb2 21. Bxa8 Rxa8 22. 0-0 Bd2 23. Qb1 Qxb1 24. Rxb1 Bxd5 25. exd5 Bxc3 26. Rb6 Rd8 27. Rc4 Bd4 28. Rc7 g6 29. Rbb7 Rf8 30. g4 Bc5 31. Rc6 a4 32. Ra6 a3 33. Kf1 Re8 34. Ke2 e4 35. Rb1 Kg7 36. Rc1 Re5 37. Rxc5 dxc5 38. Rxa3 Rxd5 39. Ke3 Rd3+ 40. Rxd3 exd3 41. Kxd3 Kf6 42. Kc4 Ke5 43. Kxc5 Kf4 44. g5 Kf3 0-1

[Event "Main Vogelsberg op 6th"]
[Site "Hanau"]
[Date "2011.06.02"]
[Round "1"]
[White "Fink, Leander"]
[Black "Kempf, Alexander"]
[Result "0-1"]
[WhiteElo "2105"]
[BlackElo "1666"]
[PlyCount "78"]
[EventDate "2011.06.02"]
[EventType "swiss"]
[EventRounds "7"]
[EventCountry "GER"]
[SourceTitle "CBM 142 Extra"]
[Source "ChessBase"]
[SourceDate "2011.06.27"]
[SourceVersion "1"]
[SourceVersionDate "2011.06.27"]
[SourceQuality "1"]

1. e4 c5 2. c3 d5 3. exd5 Qxd5 4. d4 e6 5. Nf3 Nc6 6. Be2 Nf6 7. 0-0 cxd4 8. cxd4 Be7 9. Nc3 Qd6 10. Bb5 0-0 11. Re1 Nb4 12. Ba4 Bd7 13. Bb3 Bc6 14. Ne5 Bd5 15. a3 Na6 16. Nxd5 Nxd5 17. Qf3 Nac7 18. Bc2 Ne8 19. Bd2 Nef6 20. Rac1 Qb6 21. Qd3 Qxb2 22. Nc4 Qb5 23. Rb1 Qa6 24. Qb3 b6 25. Bd3 Qc8 26. Rec1 Qd7 27. Ne5 Qd6 28. Rc6 Qxa3 29. Qc2 Bd8 30. g4 g6 31. g5 Nh5 32. Be4 Nhf4 33. Bxf4 Nxf4 34. Rc3 Qd6 35. Bxa8 Qxd4 36. Re1 Bxg5 37. Rc8 Bh4 38. Rxf8+ Kxf8 39. Re4 Qa1+ 0-1

[Event "Main Vogelsberg op 5th"]
[Site "Hanau"]
[Date "2010.05.01"]
[Round "5"]
[White "Popp, Johann"]
[Black "Kempf, Alexander"]
[Result "0-1"]
[WhiteElo "1439"]
[BlackElo "1793"]
[PlyCount "69"]
[EventDate "2010.04.28"]
[EventType "swiss"]
[EventRounds "7"]
[EventCountry "GER"]
[SourceTitle "CBM 136 Extra"]
[Source "ChessBase"]
[SourceDate "2010.07.02"]
[SourceVersion "2"]
[SourceVersionDate "2010.07.15"]
[SourceQuality "1"]

1. d4 d5 2. Nf3 Nf6 3. c4 c6 4. g3 e6 5. Qc2 Bd6 6. Bg2 0-0 7. 0-0 Nbd7 8. Nbd2 Re8 9. Re1 e5 10. dxe5 Nxe5 11. cxd5 Nxd5 12. Nxe5 Bxe5 13. Nf3 Bf6 14. a3 Bg4 15. h3 Bh5 16. Qb3 Qb6 17. Qxb6 Nxb6 18. Ra2 Rad8 19. b3 Nd5 20. Bg5 Bxg5 21. Nxg5 Nc3 22. Rc2 Nxe2+ 23. Kf1 Nd4 24. Rxe8+ Rxe8 25. Rc3 Nb5 26. Rc5 Be2+ 27. Kg1 Nxa3 28. Ne4 Nb5 29. f4 Kf8 30. Kf2 Bd3 31. Re5 Rxe5 32. fxe5 Ke7 33. Ke3 Bxe4 34. Kxe4 a5 35. Kf4 0-1

[Event "Hessen-ch Gr-D 64th"]
[Site "Bad Vilbel"]
[Date "2010.04.03"]
[Round "3"]
[White "Krischak, Werner"]
[Black "Kempf, Alexander"]
[Result "0-1"]
[WhiteElo "1827"]
[BlackElo "1793"]
[PlyCount "70"]
[EventDate "2010.03.31"]
[EventType "swiss"]
[EventRounds "5"]
[EventCountry "GER"]
[SourceTitle "EXT 2011"]
[Source "ChessBase"]
[SourceDate "2010.11.26"]
[SourceVersion "1"]
[SourceVersionDate "2010.11.26"]
[SourceQuality "1"]

1. d4 d5 2. c4 c6 3. Nf3 Nf6 4. Nc3 dxc4 5. a4 Nd5 6. Ne5 Nxc3 7. bxc3 b5 8. g3 Qd5 9. Rg1 Bf5 10. Bg2 Be4 11. f3 Bg6 12. e4 Qd8 13. axb5 cxb5 14. f4 Nd7 15. Nxd7 Qxd7 16. f5 e5 17. fxg6 hxg6 18. dxe5 Qxd1+ 19. Kxd1 Rxh2 20. Be3 Rd8+ 21. Ke2 Rd3 22. Bxa7 Rxg3 23. Kf2 Rxc3 24. Bd4 Ra3 25. Rxa3 Bxa3 26. Kg3 Rh8 27. Rb1 b4 28. Bf1 Rh1 29. Kg2 Rh4 30. Bxc4 Rxe4 31. Bb5+ Ke7 32. Rd1 f5 33. Bc4 g5 34. Bc5+ Ke8 35. e6 Rxc4 0-1

[Event "Hessen-ch Gr-D 64th"]
[Site "Bad Vilbel"]
[Date "2010.04.02"]
[Round "1"]
[White "Kempf, Alexander"]
[Black "Reichel, Rolf"]
[Result "1-0"]
[WhiteElo "1793"]
[BlackElo "1669"]
[PlyCount "81"]
[EventDate "2010.03.31"]
[EventType "swiss"]
[EventRounds "5"]
[EventCountry "GER"]
[SourceTitle "EXT 2011"]
[Source "ChessBase"]
[SourceDate "2010.11.26"]
[SourceVersion "1"]
[SourceVersionDate "2010.11.26"]
[SourceQuality "1"]

1. e4 c5 2. Nf3 Nc6 3. d4 cxd4 4. Nxd4 d6 5. Nc3 a6 6. Bc4 e6 7. 0-0 Nf6 8. Be3 Be7 9. f4 0-0 10. f5 d5 11. exd5 exd5 12. Bb3 Bc5 13. Kh1 Ne7 14. Nce2 Bd7 15. Qd3 Qc7 16. c3 Bd6 17. Bf4 Bxf4 18. Nxf4 Bc6 19. Bc2 Ne4 20. Rae1 Rad8 21. Qe3 Nc8 22. Bxe4 dxe4 23. f6 Qe5 24. Nxc6 bxc6 25. fxg7 Qxg7 26. Qxe4 Rd2 27. Re3 Nd6 28. Qxc6 Nf5 29. Ref3 Rfd8 30. Qe4 Qg5 31. Kg1 Rxb2 32. Rd3 Rdb8 33. Nd5 Nd6 34. Qf3 R8b7 35. Nf6+ Kg7 36. Rxd6 Rb1 37. Nh5+ Kf8 38. Rdd1 Qc5+ 39. Kh1 Rb8 40. h3 R1b5 41. Qxf7# 1-0

[Event "Hessen-ch Gr-D 64th"]
[Site "Bad Vilbel"]
[Date "2010.04.02"]
[Round "2"]
[White "Kilian, Peter"]
[Black "Kempf, Alexander"]
[Result "0-1"]
[WhiteElo "1663"]
[BlackElo "1793"]
[PlyCount "66"]
[EventDate "2010.03.31"]
[EventType "swiss"]
[EventRounds "5"]
[EventCountry "GER"]
[SourceTitle "EXT 2011"]
[Source "ChessBase"]
[SourceDate "2010.11.26"]
[SourceVersion "1"]
[SourceVersionDate "2010.11.26"]
[SourceQuality "1"]

1. d4 d5 2. c4 c6 3. cxd5 cxd5 4. Nc3 Nf6 5. Nf3 e6 6. Bg5 Bd6 7. e3 h6 8. Bh4 0-0 9. Bd3 Nbd7 10. 0-0 a6 11. Qc2 Qa5 12. Bxf6 Nxf6 13. Ne5 b5 14. a3 Bb7 15. f4 Rac8 16. h3 Qb6 17. Qe2 Rc7 18. g4 Ne4 19. Bxe4 dxe4 20. h4 Bd5 21. Nxd5 exd5 22. g5 Rfc8 23. gxh6 Bxe5 24. h7+ Kh8 25. fxe5 Rc2 26. Qg4 R8c6 27. Kh1 Rg6 28. Qf4 Qe6 29. Qf5 Rgg2 30. Rf4 Rh2+ 31. Kg1 Rcg2+ 32. Kf1 Rxb2 33. Rc1 Rh1# 0-1

[Event "Main Vogelsberg op 4th"]
[Site "Heusenstamm"]
[Date "2009.05.03"]
[Round "7"]
[White "Kempf, Alexander"]
[Black "Eremenko, Christian"]
[Result "1-0"]
[WhiteElo "1810"]
[BlackElo "1273"]
[PlyCount "63"]
[EventDate "2009.04.30"]
[EventType "swiss"]
[EventRounds "7"]
[EventCountry "GER"]
[SourceTitle "CBM 130 Extra"]
[Source "ChessBase"]
[SourceDate "2009.07.02"]
[SourceVersion "2"]
[SourceVersionDate "2009.07.15"]
[SourceQuality "1"]

1. e4 e5 2. f4 d6 3. Nf3 Bg4 4. Bc4 Bxf3 5. Qxf3 g6 6. fxe5 Qd7 7. 0-0 dxe5 8. Bxf7+ Kd8 9. d3 Bc5+ 10. Kh1 Nc6 11. c3 Nce7 12. Bc4 c6 13. Qf8+ Kc7 14. Qxa8 b5 15. Rf8 Nc8 16. Rxc8+ Qxc8 17. Qxc8+ Kxc8 18. Be6+ Kc7 19. b4 Bb6 20. Bb2 Ne7 21. Nd2 Rd8 22. c4 Rxd3 23. Bxe5+ Kb7 24. Nf3 bxc4 25. Bxc4 Re3 26. Re1 Ra3 27. Bb3 c5 28. bxc5 Bxc5 29. h4 Ra5 30. Rd1 Nc6 31. Rd7+ Kb6 32. Bc7+ 1-0

[Event "Main Vogelsberg op 4th"]
[Site "Heusenstamm"]
[Date "2009.05.01"]
[Round "2"]
[White "Finsel, Manuel"]
[Black "Kempf, Alexander"]
[Result "1-0"]
[WhiteElo "1293"]
[BlackElo "1810"]
[PlyCount "111"]
[EventDate "2009.04.30"]
[EventType "swiss"]
[EventRounds "7"]
[EventCountry "GER"]
[SourceTitle "CBM 130 Extra"]
[Source "ChessBase"]
[SourceDate "2009.07.02"]
[SourceVersion "2"]
[SourceVersionDate "2009.07.15"]
[SourceQuality "1"]

1. d4 Nf6 2. Nf3 e6 3. Nbd2 d5 4. e3 c5 5. c3 Nc6 6. Bd3 Bd6 7. 0-0 0-0 8. dxc5 Bxc5 9. e4 e5 10. Qe2 Re8 11. Rd1 Bg4 12. exd5 Qxd5 13. Ne4 Nxe4 14. Bxe4 Qe6 15. Bd5 Qg6 16. Qc4 Be7 17. Be4 Qe6 18. Bd5 Qg6 19. Be4 Be6 20. Qd3 f5 21. Bxc6 bxc6 22. Nxe5 Qh5 23. Nxc6 Rad8 24. Nd4 Bd6 25. h3 Bd5 26. Nxf5 Bb3 27. Nxd6 Bxd1 28. Qc4+ Kh8 29. Nxe8 Be2 30. Qf4 Rd1+ 31. Kh2 Qxe8 32. a4 h6 33. b4 Qc6 34. Bb2 Rxa1 35. Bxa1 Qxa4 36. Bb2 Qc2 37. Qc1 Qf5 38. Kg1 Bc4 39. Qe3 Qb1+ 40. Bc1 Qc2 41. Bd2 Qb1+ 42. Kh2 Qf5 43. Qxa7 Qe5+ 44. Kg1 Qe2 45. Qe3 Qf1+ 46. Kh2 Bd5 47. Qg3 Qc4 48. Bf4 Kh7 49. Be5 g5 50. Bd4 Qc6 51. Qe5 Kg6 52. Qg7+ Kf5 53. g4+ Ke4 54. Qh7+ Kf3 55. Qd3+ Kf4 56. Qf5# 1-0

[Event "Hessen-ch Gr-D"]
[Site "Idstein"]
[Date "2009.04.11"]
[Round "4"]
[White "Aurin, Pascal"]
[Black "Kempf, Alexander"]
[Result "0-1"]
[WhiteElo "1612"]
[BlackElo "1810"]
[PlyCount "100"]
[EventDate "2009.04.10"]
[EventType "swiss"]
[EventRounds "5"]
[EventCountry "GER"]
[SourceTitle "EXT 2010"]
[Source "ChessBase"]
[SourceDate "2010.11.25"]
[SourceVersion "1"]
[SourceVersionDate "2010.11.25"]
[SourceQuality "1"]

1. Nf3 Nf6 2. d4 e6 3. c4 d5 4. e3 c5 5. cxd5 Nxd5 6. b3 Nc6 7. Bc4 Be7 8. 0-0 0-0 9. Ba3 cxd4 10. Bxe7 Qxe7 11. Bxd5 exd5 12. Nxd4 Qe5 13. Na3 Bd7 14. Qd2 Nxd4 15. exd4 Qd6 16. Nc2 Rfe8 17. Rfe1 Re4 18. Re3 Rae8 19. Rae1 Kf8 20. f3 Rxe3 21. Rxe3 Rxe3 22. Qxe3 Qg6 23. Nb4 Qe6 24. Kf2 a5 25. Nd3 Qxe3+ 26. Kxe3 Ke7 27. Nf4 Kd6 28. Nh5 g5 29. f4 h6 30. Nf6 Bf5 31. Ng8 gxf4+ 32. Kxf4 Be4 33. Nxh6 Ke6 34. g4 b5 35. h4 Bb1 36. h5 Bxa2 37. Nf5 Bb1 38. h6 Bxf5 39. gxf5+ Kf6 40. h7 Kg7 41. Ke5 a4 42. bxa4 bxa4 43. Kxd5 a3 44. Kc6 a2 45. f6+ Kxh7 46. d5 a1Q 47. d6 Qxf6 48. Kc7 Qe5 49. Kc6 f5 50. d7 Qd4 0-1